00334nam a2200109Ia 4500008004100000020001800041082001200059100002500071245007600096260003100172500002100203260604s9999 xx 000 0 und d a9780691262642 a330 BEN aBENIGNO [[PIERPAOLO] 0aMONETARY ECONOMICS AND POLICY: A FOUNDATION FOR MODERN CURRENCY SYSTEMS bPRINCETON UNIVERSITY PRESS aEconomy, Montary